000 00598nam a2200181Ia 4500
008 090124s9999 xx 000 0 und d
082 _b35769
100 _aरेगे पुरुषोत्तम शिवराम
245 _a गंधरेखा
250 _a2
260 _bमौज प्रकाशन
_c1974
300 _a65
600 _aरेगे पुरुषोत्तम शिवराम
630 _a गंधरेखा
700 _aरेगे पुरुषोत्तम शिवराम
730 _a गंधरेखा
942 _cBOOK
999 _c101722
_d101722